| 000 | 01840cab a2200301 4500 | ||
|---|---|---|---|
| 001 | ABS54201 | ||
| 008 | 090401t1995 xxu||||| |||| 00| 0 eng d | ||
| 035 | _a(Sirsi) u8988 | ||
| 041 | _aeng | ||
| 245 | _aSpath Holme Ltd v Chairman of the Greater Manchester and Lancashire Rent Assessment Committee and others | ||
| 260 | _c1995 | ||
| 350 | _a0 | ||
| 490 |
_aEstates Gazette _v(1995) 49 EG 128-134(7) |
||
| 520 | _aCA 19 July 1995. The respondent owned 20 flats, some of which were let on regulated tenancies under the Rent Act 1977 which provides for a fair rent, and some as assured tenancies under the Housing Act 1988 which provides for an open-market rent. In determining fair rents for several flats, the landlord submitted that the rents paid on comparable flats let on assured tenancies within the same property must be taken into account by the rent assessment committee. Whereas the committee relied on evidence of other registered rents in preference to those supplied. The landlord`s appeal was allowed on the grounds that the committee should have considered the market rents and made adjustments to these for scarcity before considering evidence of fair rents. The chairman of the rent assessment committee appealed stating that they were entitled to reject the assured rent comparables without giving any reason. The appeal was dismissed. | ||
| 650 | _aASSURED TENANCIES | ||
| 650 | _aFAIR RENTS | ||
| 650 | _aHOUSING ACT 1988 | ||
| 650 | _aMARKET RENTS | ||
| 650 | _aREGULATED TENANCIES | ||
| 650 | _aRENT ACT 1977 | ||
| 650 | _aRENT ASSESSMENT | ||
| 650 | _aRENT COMPARABLES | ||
| 650 | _aPROPERTY-RESIDENTIAL PROPERTY-RESIDENTIAL LANDLORD AND TENANT-RESIDENTIAL TENANCIES | ||
| 650 | _aSCARCITY | ||
| 690 | _aLANDLORD AND TENANT-CASE LAW-RESIDENTIAL TENANCIES | ||
| 942 | _n0 | ||
| 948 | _c04/03/1997 | ||
| 999 |
_c5569 _d5569 |
||